| 000 | 00297 a2200121 4500 | ||
|---|---|---|---|
| 999 |
_c321550 _d321550 |
||
| 001 | 86477 | ||
| 003 | NUST | ||
| 005 | 20180122153741.0 | ||
| 008 | 180122b xxu||||| |||| 00| 0 eng d | ||
| 082 | _a808.042 DEL | ||
| 100 |
_aDelvin Joseph _99511 |
||
| 245 |
_aHow to speak and write correctly _hEnglish |
||
| 260 |
_aIndia _bMaster Mind Books _c2012 |
||
| 300 | _a176p. | ||
| 942 |
_aAHQ _cBK _k808.042 DEL _2ddc |
||